EU to get tough on GMO food (Record no. 66108)

MARC details
000 -LEADER
fixed length control field 00890cam a2200205 4500
001 - CONTROL NUMBER
control field WB3707-32
008 - FIXED-LENGTH DATA ELEMENTS--GENERAL INFORMATION
fixed length control field 000000n2001 000 0 eng u
035 ## - SYSTEM CONTROL NUMBER
System control number (Sirsi) u110911
245 ## - TITLE STATEMENT
Title EU to get tough on GMO food
260 ## - PUBLICATION, DISTRIBUTION, ETC.
Date of publication, distribution, etc. 2001
490 ## - SERIES STATEMENT
Series statement Financial Times
Volume/sequential designation 13 February 2001, 10
490 ## - SERIES STATEMENT
Series statement Financial Times
Volume/sequential designation 15 February 2001, 8(2)
520 ## - SUMMARY, ETC.
Summary, etc. The EU will toughen its stance on GMO food with a new law. This will tighten regulations over the planting, risk assessment and and crop monitoring, with the phasing out of anti-biotic genes and periodical renewal of licenses. Biotechnology companies hope that these safeguards will calm consumer fears and allow new products to be licensed.
590 ## - LOCAL NOTE (RLIN)
Local note WB
650 ## - SUBJECT ADDED ENTRY--TOPICAL TERM
Topical term or geographic name entry element EUROPEAN UNION
650 ## - SUBJECT ADDED ENTRY--TOPICAL TERM
Topical term or geographic name entry element GENETICALLY MODIFIED ORGANISMS
650 ## - SUBJECT ADDED ENTRY--TOPICAL TERM
Topical term or geographic name entry element EUROPEAN LAW
690 ## - LOCAL SUBJECT ADDED ENTRY--TOPICAL TERM (OCLC, RLIN)
Topical term or geographic name as entry element RURAL-AGRICULTURE AND FORESTRY
942 ## - ADDED ENTRY ELEMENTS (KOHA)
Suppress in OPAC 0
Holdings
Withdrawn status Lost status Source of classification or shelving scheme Damaged status Not for loan Home library Current library Shelving location Date acquired Total Checkouts Full call number Barcode Date last seen Copy number Price effective from Koha item type
    Dewey Decimal Classification     London London News article 14/02/2001   WB3707-32 110911-1001 06/08/2019 1 06/08/2019 News article